Statistiques concernant Pays en 8 lettres

Cliquez ici pour prendre le quiz!

Statistiques générales

  • Ce quiz a été pris 88 fois
  • Le résultat moyen est 24 sur 35

Statistiques - réponses

Pays% Correct
Lettonie
83%
Portugal
83%
Finlande
82%
Lituanie
80%
Autriche
78%
Belgique
78%
Colombie
78%
Danemark
74%
Équateur
74%
Éthiopie
74%
Paraguay
74%
Roumanie
74%
Érythree
72%
Slovénie
72%
Birmanie
69%
Cameroun
69%
Jordanie
69%
Moldavie
69%
Pakistan
69%
Bulgarie
68%
Tanzanie
68%
Honduras
66%
Jamaïque
66%
Zimbabwe
66%
Mongolie
65%
Djibouti
63%
Maldives
63%
Salvador
63%
Botswana
62%
Cambodge
62%
Eswatini
58%
Suriname
58%
Sri Lanka
57%
Malaisie
54%
Kiribati
49%

Distribution des résultats

Percentile par nombre de réponses

% des personnes avec chaque résultat

Votre développement - résultats

Vous n’avez pas pris ce quiz